000 00497nam a22001697a 4500
999 _c41047
_d41047
003 OSt
005 20210303115958.0
008 210303b ||||| |||| 00| 0 eng d
020 _a9788125036906
040 _coclc
082 _a954.025
_bSAR/S
100 _93091
_aSarkar, Jadunath
245 _aA Short History Of Aurangazib /
_cJadunath Sarkar
260 _aHyderabad:
_bOrient BlackSwan,
_c2017.
300 _a416p
942 _2ddc
_cBK
_h954.025
_iSAR/S
_k954.025
_mSAR/S